| 000 | 00412nam a2200145Ia 4500 | ||
|---|---|---|---|
| 008 | 180921t xxu||||| |||| 00| 0 eng d | ||
| 041 | _aeng | ||
| 080 |
_a612.887 _bMIN |
||
| 245 | _aRecommendation for monimum monitoring and safety standards in anaesthesia | ||
| 260 |
_bIndia society of anaesthetists _aDelhi |
||
| 300 | _a24p., 22 cm | ||
| 942 | _cBK | ||
| 999 |
_c15876 _d15876 |
||
| 003 | LK-CoDNM | ||
| 040 |
_aLK-CoDNM _dLK-CoDNM _eLK-CoDNM |
||